000 01769nam a22004337a 4500
003 CHAP
005 20220329143224.0
008 070413d2007 mx a b r 00110 spa d
010 _a93500
011 _a94472
035 _a105062
040 _cCHAP
090 _aTesis
100 1 _aHernández Ayar, Gorgonio.
_953829
245 1 0 _aEspecies de trips (Thysanoptera) asociadas a coberturas de Arachis pintoi (Krap. y greg-) y maleza, en el cultivo de limón persa Citrus latifolia (Tan.), en Martínez de la Torre, Veracruz
_c/por Gorgonio Hernández Ayar
260 _aChapingo, Méx. :
_bEl autor,
_c2007.
300 _a75 h.
_bmapa.; cuadros.; gráfs.; ilus.
502 _aTesis (Ing. Agr. Esp. en Parasitología Agrícola) -- UACH. Departamento de Parasitología Agrícola
530 _aTambién disponible en línea
590 _aALEPH
_b10
_c20130110
_lUCH01
_h1517
590 _aBATCH-UPD
_b10
_c20130110
_lUCH01
_h0549
590 _aBATCH-UPD
_b10
_c20130110
_lUCH01
_h2335
590 _aBATCH-UPD
_b10
_c20130410
_lUCH01
_h0230
590 _aBATCH-UPD
_b10
_c20130914
_lUCH01
_h1000
590 _aBATCH-UPD
_b10
_c20140324
_lUCH01
_h1502
590 _aBATCH-UPD
_b10
_c20141002
_lUCH01
_h0833
590 _aCONVERSION
_b10
_c20130109
_lUCH01
_h1352
650 0 4 _aArachis pintoi.
_96412
650 0 4 _aCítricos
_xMalas hierbas
_xControl.
_924447
650 0 4 _aCultivos de cobertura.
_930371
650 0 4 _aLimón persa
_zVeracruz.
_966879
650 0 4 _aTisanópteros.
_9113414
856 _3Finding aid
_uhttp://10.13.5.2/tesis/105062.pdf
_zTeclea aqui
901 _aBK
905 _aLuis Gutiérrez Merin
942 _cFOLL
949 _aTesis
_bBC
_cTES
_d33724002026785
_eTS2
_fc.2
_h46597
_i105062
_so
949 _aTesis
_bBC
_cTES
_d33724002026793
_eTS1
_h46596
_i105062
_sb
999 _c93500
_d93500